01494nam a2200325 a 450000100100000000500170001000800410002702000180006804000250008608200180011110000450012924501470017426000380032130000210035949000120038050000750039250400320046759000260049965000470052565000530057265000250062570000310065071000560068183000190073791000370075695201210079395201160091495201210103099900170115100004354720251117093451.0140325s2013 dr 000 0 spa d a9789945412864 aDO-SdBNPbspacBNPHU a346.07bF363d1 aFernández Rozas, José Carlos.97133510aDerecho del comercio internacional y política comercial de la República Dominicana /cJosé Carlos Fernández Rozas, Leidylin Contreras. aSanto Domingo :bFUNGLODE,c2013. a371 p. ;c24 cm.1 aDerecho aIncluye datos biográficos de los autores en la solapa de la cubierta aBibliografía : p. 355-371 aInventariado, 2018/LP 4aRegulación del comércio exterior98571 4aDerecho comercialzRepública Dominicana914449 0aLibre comercio985701 aContreras, Leidylin97133622aFundación Global Democracía y Desarrollo925477 0aDERECHO911855 aValidado. Control de calidad MFF 0010718DSaGRbGRcHDd2014-03-25iLF1l0o346.07 F363dp43547-30r2020-06-25te.3w2020-06-25yLFDSZNo se presta 0010718PDaPDbPDcHDd2014-03-25iLF1l0o346.07 F363dp43547-10r2020-06-25w2020-06-25yLFPDZNo se presta 0010718PDaPDbPDcHDd2014-03-25iLF1l0o346.07 F363dp43547-20r2020-06-25te.2w2020-06-25yLFPDZNo se presta c43036d43036